| 000 | 00668nam a2200181Ia 4500 | ||
|---|---|---|---|
| 008 | 090630s9999 xx 000 0 und d | ||
| 082 | _b21128 | ||
| 100 | _aकोल्हटकर कुमुद. | ||
| 245 |
_aहसा आणि निरोगी रहा. _cकोल्हटकर कुमुद. |
||
| 260 |
_bघरकुल - पुणे. _c1999 |
||
| 300 | _a48 | ||
| 600 | _aकोल्हटकर कुमुद. | ||
| 630 | _aहसा आणि निरोगी रहा. | ||
| 655 | _aइतर. | ||
| 700 | _aकोल्हटकर कुमुद. | ||
| 730 | _aहसा आणि निरोगी रहा. | ||
| 942 | _cBOOK | ||
| 999 |
_c272984 _d272984 |
||